Zweitgrößte Dinge der Welt - Geografie - Statistiken

Allgemein
  • Dieses Quiz wurde 1.144 mal gespielt
    1.012 seit der letzten Aktualisierung
  • Das Durchschnittsergebnis liegt bei 6 aus 15
Antwortstatistiken
Hint Antwort % Korrekt
Welcher ist der zweitgrößte Ozean der Welt? Atlantischer Ozean
96%
Welcher ist der zweitgrößte Kontinent der Welt? Afrika
93%
Welcher ist der zweitlängste Fluss der Welt? Amazonas
93%
Welches ist das zweitgrößte Land der Welt nach Fläche? Kanada
82%
Welcher ist der zweithöchste Berg der Welt? K2
74%
Welches ist der zweitgrößte Staat in den USA nach Fläche? Texas
72%
Welcher ist der zweitlängste Gebirgszug der Welt? Rocky Mountains
35%
Welche ist die zweitbevölkerungsreichste Stadt der Welt? Delhi
17%
In welchem Land befindet sich die zweitälteste Universitätder Welt, die kontinuierlich betrieben wurde? Ägypten
12%
Welches ist der zweitgrößte See der Welt nach Fläche? Oberer See | Lake Superior
12%
Welche ist die zweitgrößte Insel der Welt? Neuguinea
11%
Welches ist das zweithöchste Gebäude der Welt? Merdeka 118
6%
Welche ist die zweitgrößte Wüste der Welt? Arabische Wüste
4%
Welches ist das zweitgrößte Schloss der Welt nach Fläche? Schloss Windsor
3%
Welche ist die zweitlängste Eisenbahnstrecke der Welt? Transmogolische Eisenbahn
0%
Keine übereinstimmenden Quizze gefunden
Verteilung der Resultate
Anzahl Personen mit jedem Resultat
Perzentil nach korrekt beantworteten Fragen
Ihre Resultats-Entwicklung
Sie haben dieses Quiz seit der letzten Aktualisierung nicht gespielt